[Event "New England U2000 Knockout"]
[Site "SchemingMind.com"]
[Date "2015.11.29"]
[Round "-"]
[White "opto"]
[Black "Aba"]
[Result "1-0"]
[WhiteCountry "CAN"]
[BlackCountry "ISR"]
[WhiteElo "1881"]
[WhiteRD "79"]
[BlackElo "1747"]
[BlackRD "70"]
[GameID "391105"]

1. e4 e5 2. Nf3 Nc6 3. Bb5 Bc5 4. O-O d6 5. d4 exd4 6. Nxd4 Bd7 7. Nxc6 bxc6 8. Bc4 Nf6 9. Nc3 O-O 10. Bg5 h6
11. Bh4 g5 12. Bg3 Bg4 13. Qd3 Nh5 14. Kh1 Nxg3+ 15. Qxg3 Qd7 16. f4 Kh7 17. f5 d5 18. Qxg4 dxc4 19. e5 Rae8 20. Rae1 Qd2
21. Ne4 Qd4 22. c3
1-0

[Event "New England U2000 Knockout"]
[Site "SchemingMind.com"]
[Date "2015.11.29"]
[Round "-"]
[White "Aba"]
[Black "opto"]
[Result "0-1"]
[WhiteCountry "ISR"]
[BlackCountry "CAN"]
[WhiteElo "1747"]
[WhiteRD "70"]
[BlackElo "1881"]
[BlackRD "79"]
[GameID "391106"]

1. e4 c5 2. Nc3 Nc6 3. Nf3 g6 4. d4 cxd4 5. Nxd4 Bg7 6. Be3 Qa5 7. h3 Nf6 8. f3 Nh5 9. Nxc6 Bxc3+ 10. bxc3 Qxc3+
11. Kf2 Qxc6 12. a4 a6 13. c4 Qc7 14. Qd4 Qg3+ 15. Ke2 f6 16. Bf2 Qc7 17. Kd2 d6 18. g3 Bd7 19. Bd3 Kf7 20. g4 Nf4
21. Bc2 Rhc8 22. Bb3 Qa5+ 23. Ke3 Ne6 24. Qd5 Rc5 25. Qd3 Rac8 26. f4 R5c7 27. f5 Nc5 28. Qc2 Qb6 29. Kf3 Qxb3+
0-1

[Event "New England U2000 Knockout"]
[Site "SchemingMind.com"]
[Date "2016.01.05"]
[Round "-"]
[White "abuteague"]
[Black "Vermonty"]
[Result "1/2-1/2"]
[WhiteCountry "USA"]
[BlackCountry "USA"]
[WhiteElo "1569"]
[WhiteRD "75"]
[BlackElo "1981"]
[BlackRD "71"]
[GameID "393300"]

1. d4 Nf6 2. Bg5 Ne4 3. Bf4 c5 4. f3 Qa5+ 5. c3 Nf6 6. d5 d6 7. e4 Nbd7 8. Nd2 g6 9. Nc4 Qc7 10. a4 Bg7
11. Bd3 O-O 12. Ne2 b6 13. O-O Ba6 14. Ng3 Bxc4 15. Bxc4 h5 16. Qd2 Kh7 17. Bd3 Ne5 18. Bxe5 dxe5 19. c4 Bh6 20. Qe2 Kg7
21. b3 a5 22. Rad1 Ne8 23. Bc2 Nd6 24. h4 Qd7 25. Nh1 f6 26. Nf2 Bf4 27. Nh1 Nf7 28. g3 Bh6 29. Nf2 Nd6 30. Kg2 Qe8
31. Nh1 Qf7 32. g4 Bf4 33. gxh5 gxh5 34. Rg1 Kh8 35. Rdf1 Rg8+ 36. Kf2 Rxg1 37. Rxg1 Rg8 38. Rxg8+ Qxg8 39. Qf1 Kh7 40. Qg2 Qxg2+=
1/2-1/2

[Event "New England U2000 Knockout"]
[Site "SchemingMind.com"]
[Date "2016.01.05"]
[Round "-"]
[White "Vermonty"]
[Black "abuteague"]
[Result "1/2-1/2"]
[WhiteCountry "USA"]
[BlackCountry "USA"]
[WhiteElo "1981"]
[WhiteRD "78"]
[BlackElo "1619"]
[BlackRD "73"]
[GameID "393301"]

1. e4 c6 2. d4 d5 3. Nd2 dxe4 4. Nxe4 Bf5 5. Ng3 Bg6 6. Bc4 e6 7. N1e2 Nf6 8. O-O Bd6 9. f4 h6 10. f5 exf5
11. Nxf5 O-O 12. Nxd6 Qxd6 13. Nf4 Be4 14. c3 Nbd7 15. Bd3 Bxd3 16. Nxd3 Nb6 17. Qf3 Nh7 18. Bf4 Qd5 19. Qxd5=
1/2-1/2

[Event "New England U2000 Knockout"]
[Site "SchemingMind.com"]
[Date "2016.01.30"]
[Round "-"]
[White "Paul7926"]
[Black "pengle"]
[Result "1/2-1/2"]
[WhiteCountry "ENG"]
[BlackCountry "USA"]
[WhiteElo "1456"]
[WhiteRD "81"]
[BlackElo "1703"]
[BlackRD "85"]
[GameID "394467"]

1. d4 d5 2. c4 c6 3. Nf3 Bf5 4. Nc3 e6 5. Qb3 Qc7 6. e3 Nd7 7. Bd2 Ngf6 8. Rc1 Be7 9. Na4 O-O 10. Bd3 Bg4
11. Ne5 Nxe5 12. dxe5 Nd7 13. Bc3 b6 14. O-O Nxe5 15. Bxe5 Qxe5 16. cxd5 cxd5 17. Rc2 Rab8 18. Rfc1 Bd6 19. g3 Qf6 20. Ba6 Qf3
21. Be2 Qe4 22. f3 Bxf3 23. Bxf3 Qxf3 24. Rf2 Qh5 25. Rc6 Rfd8 26. Qd3 Be7 27. Kg2 Bf6 28. h3 Qe5 29. Nc3 d4 30. exd4 Rxd4
31. Qa6 Ra8 32. Rc8+ Rxc8 33. Qxc8+ Rd8 34. Qb7 Qb8 35. Qe4 Bd4 36. Rd2 e5 37. Nd5 Qa8 38. Ne7+ Kf8 39. Qxa8 Rxa8 40. Nc6 a5
41. Nxd4 exd4 42. Rxd4 Rc8 43. b4 Rc2+ 44. Kf3 Rxa2 45. bxa5 bxa5 46. Rd8+ Ke7 47. Ra8 f5 48. Kf4 Kf6 49. Ra6+ Kf7 50. Kxf5 g6+
51. Kg5 a4 52. Ra7+ Ke6 53. Rxh7 a3 54. Kxg6 Rg2 55. g4 a2 56. Ra7 Rh2 57. g5 Ke5 58. Ra3 Ke6 59. Kh5 Kf7 60. g6+ Kg7
61. h4 Kf6 62. Ra6+ Kg7 63. Kg5=
1/2-1/2

[Event "New England U2000 Knockout"]
[Site "SchemingMind.com"]
[Date "2016.01.30"]
[Round "-"]
[White "pengle"]
[Black "Paul7926"]
[Result "1-0"]
[WhiteCountry "USA"]
[BlackCountry "ENG"]
[WhiteElo "1676"]
[WhiteRD "95"]
[BlackElo "1422"]
[BlackRD "79"]
[GameID "394468"]

1. d4 Nf6 2. f4 d5 3. h3 b6 4. Nf3 g6 5. e3 Nc6 6. Bb5 Bb7 7. Ne5 Qd6 8. Bd2 Bg7 9. c4 O-O 10. a3 a5
11. O-O e6 12. b4 a4 13. c5 bxc5 14. bxc5 Qe7 15. Nxc6 Bxc6 16. Bxc6 Ne4 17. Bb4 Ra6 18. Bxa4 c6 19. Bc2 Ng3 20. Rf3 Nf5
21. Nd2 Qh4 22. Nf1 Bf6 23. Be1 Qh6 24. a4 g5 25. Bxf5 exf5 26. Rg3 Kh8 27. Qd3 gxf4 28. Qxa6 fxg3 29. Bxg3 Bh4 30. Bxh4 Qxh4
31. Qxc6 Qe4 32. Qf6+ Kg8 33. a5 Qe6 34. Qxe6 fxe6 35. Nd2 Kf7 36. c6 Rc8 37. Rc1
1-0

[Event "New England U2000 Knockout"]
[Site "SchemingMind.com"]
[Date "2016.01.25"]
[Round "-"]
[White "Abstract Actuary"]
[Black "Carl Lenox"]
[Result "1-0"]
[WhiteCountry "USA"]
[BlackCountry "CAN"]
[WhiteElo "1857"]
[WhiteRD "76"]
[BlackElo "1257"]
[BlackRD "82"]
[GameID "394469"]

1. e4 c5 2. d4 e6 3. Nf3 a6 4. c3 g6 5. Be3 b5 6. dxc5 Nf6 7. Bd3 Bg7 8. b4 Nc6 9. O-O O-O 10. Nbd2 Ng4
11. Bd4 f6 12. h3 Nh6 13. Qb3 Re8 14. a4 Bb7 15. axb5 Ne7 16. bxa6 Bc6 17. c4 d6 18. b5 e5 19. Be3 Bd7 20. cxd6 Nc8
21. c5+ Nf7 22. Bc4 Rf8 23. b6 Na7 24. bxa7 f5 25. Bd5 Rxa7 26. c6 Bc8 27. Bxa7
1-0

[Event "New England U2000 Knockout"]
[Site "SchemingMind.com"]
[Date "2016.01.26"]
[Round "-"]
[White "Carl Lenox"]
[Black "Abstract Actuary"]
[Result "0-1"]
[WhiteCountry "CAN"]
[BlackCountry "USA"]
[WhiteElo "1257"]
[WhiteRD "82"]
[BlackElo "1857"]
[BlackRD "76"]
[GameID "394470"]

1. e4 c5 2. Nf3 d6 3. g3 Nc6 4. Bg2 g6 5. O-O Bg7 6. c3 Qb6 7. a3 Bg4 8. d3 Ne5 9. b4 cxb4 10. axb4 Rc8
11. d4 Nxf3+ 12. Bxf3 Bh3 13. Re1 h5 14. Be3 a6 15. g4 hxg4 16. Bxg4 Bxg4 17. Qxg4 Qc7 18. Ra5 Nf6 19. Qg2 e6 20. d5 Ke7
21. Bg5 Rh5 22. Nd2 Qxc3 23. Rb1 Rch8 24. f3 Bh6 25. Rb3 Qd4+ 26. Qf2 Rxg5+ 27. Kf1 Qxf2+ 28. Kxf2 exd5 29. h4 Rh5 30. Kg3 Bxd2
0-1

[Event "New England U2000 Knockout"]
[Site "SchemingMind.com"]
[Date "2016.02.24"]
[Round "-"]
[White "David Carter"]
[Black "jbgood"]
[Result "1-0"]
[WhiteCountry "USA"]
[BlackCountry "CAN"]
[WhiteElo "2013"]
[WhiteRD "87"]
[BlackElo "1728"]
[BlackRD "75"]
[GameID "395825"]

1. d4 Nf6 2. c4 Nc6 3. Nf3 e6 4. d5 exd5 5. cxd5 Nb4 6. Nc3 Bc5 7. a3 Na6 8. Bg5 h6 9. Bh4 g5 10. Bg3 d6
11. e4 Bg4 12. Bb5+ Nd7 13. h4 f6 14. hxg5 fxg5 15. e5 dxe5 16. Qd3 Qf6 17. Bxe5 Qe7 18. O-O-O O-O-O 19. Bxh8 Rxh8 20. Bxa6 Bxa3
21. Bxb7+ Kxb7 22. bxa3 Qxa3+ 23. Kc2 Rf8 24. Ra1 Qc5 25. Qa6+ Kb8 26. Rhb1+ Nb6 27. Rxb6+ cxb6 28. Qxa7+ Kc8 29. Qa8+ Kc7 30. Ra7+ Kd6
31. Qxf8#
1-0

[Event "New England U2000 Knockout"]
[Site "SchemingMind.com"]
[Date "2016.02.23"]
[Round "-"]
[White "jbgood"]
[Black "David Carter"]
[Result "0-1"]
[WhiteCountry "CAN"]
[BlackCountry "USA"]
[WhiteElo "1728"]
[WhiteRD "75"]
[BlackElo "2013"]
[BlackRD "87"]
[GameID "395826"]

1. e4 e5 2. Nf3 Nc6 3. Bc4 Nf6 4. Nc3 Nxe4 5. Nxe4 d5 6. Bxd5 Qxd5 7. d3 f5 8. Nc3 Bb4 9. Bd2 Qd6 10. Qe2 O-O
11. h4 a6 12. O-O-O Bd7 13. h5 Rae8 14. Nh4 Nd4 15. Qe3 f4 16. Qe1 Bg4 17. f3 Bxh5 18. Ne4 Bxd2+ 19. Rxd2 Qd5 20. b3 Qa5
21. Kb2 b5 22. c3 Nc6 23. g4 Bf7 24. Nf5 Bg6 25. Qh4 b4 26. c4 Nd4 27. Nxd4 exd4 28. Ng5 h6 29. Ne4 Bxe4 30. dxe4 Qe5
31. Rd3 c5 32. Qe1 Re6 33. Rh5 g5 34. Kc2 a5 35. Rd2 Ra8 36. Rdh2 d3+ 37. Kxd3 Qd4+ 38. Ke2 Qe3+ 39. Kf1 Qxf3+ 40. Rf2 Qxg4
41. Qe2 Qxe2+ 42. Rxe2 Rd8 43. Kf2 Kg7 44. Kf3 Rd3+ 45. Kg4 Kg6 46. Reh2 Rg3#
0-1

[Event "New England U2000 Knockout"]
[Site "SchemingMind.com"]
[Date "2016.02.26"]
[Round "-"]
[White "opto"]
[Black "Abstract Actuary"]
[Result "1-0"]
[WhiteCountry "CAN"]
[BlackCountry "USA"]
[WhiteElo "1896"]
[WhiteRD "91"]
[BlackElo "1900"]
[BlackRD "74"]
[GameID "395911"]

1. e4 e5 2. Nf3 Nf6 3. d4 Nxe4 4. Bd3 Nc6 5. Bxe4 d5 6. dxe5 dxe4 7. Qxd8+ Nxd8 8. Ng5 Bf5 9. Nc3 Bb4 10. Bd2 Bxc3
11. Bxc3 h6 12. Nh3 e3 13. Rc1 Bxh3 14. gxh3 exf2+ 15. Kxf2 Ne6 16. Ke3 Ke7 17. Rcd1 Rhd8 18. Rd3 Rd7 19. Rxd7+ Kxd7 20. Rd1+ Ke7
21. Be1 Rd8 22. Bh4+ g5 23. Rxd8 Kxd8 24. Bf2 c5 25. Ke4 b6 26. c3 Ke7 27. h4 f6 28. exf6+ Kxf6 29. hxg5+ hxg5 30. Bg3 a6
31. Kd5 Kf5 32. Kc6 b5 33. Kb6 Nf4 34. Kxa6 Nd3 35. b3 b4 36. cxb4 Nxb4+ 37. Kb5 Nxa2 38. Kxc5 Nc3 39. b4 Ne4+ 40. Kc6 Nxg3
41. hxg3 Kg4= 42. b5 Kxg3 43. b6 Kf3 44. b7 g4 45. b8=Q g3 46. Qf8+ Ke2 47. Qg7 Kf2 48. Qb2+ Kf1 49. Qc1+ Kf2 50. Qf4+
1-0

[Event "New England U2000 Knockout"]
[Site "SchemingMind.com"]
[Date "2016.03.02"]
[Round "-"]
[White "Abstract Actuary"]
[Black "opto"]
[Result "1-0"]
[WhiteCountry "USA"]
[BlackCountry "CAN"]
[WhiteElo "1900"]
[WhiteRD "74"]
[BlackElo "1896"]
[BlackRD "91"]
[GameID "395912"]

1. e4 c5 2. d4 cxd4 3. c3 dxc3 4. Nxc3 e5 5. Bc4 Nc6 6. Nf3 Bb4 7. O-O Bxc3 8. bxc3 Nf6 9. Ba3 Nxe4 10. Qd5 Ng5
11. Nxe5 Ne6 12. f4 Qa5 13. Qxa5 Nxa5 14. Bd5 Nc6 15. Nxf7 Rg8 16. Nd6+ Kd8 17. f5 Ne7 18. Bb3 Ng5 19. Bxg8 Nxg8 20. h4 Nh3+
21. Kh2 Nf6 22. Kxh3 b6 23. Rfe1 Ba6 24. g4 Kc7 25. Rad1 Kc6 26. c4 g6 27. g5 Nh5 28. fxg6 Nf4+ 29. Kg4 Nxg6 30. h5 Nf8
31. Re8 Rxe8 32. Nxe8 Bxc4 33. Rc1
1-0

[Event "New England U2000 Knockout"]
[Site "SchemingMind.com"]
[Date "2016.03.01"]
[Round "-"]
[White "surfnsuds"]
[Black "Greg Magne"]
[Result "0-1"]
[WhiteCountry "USA"]
[BlackCountry "CAN"]
[WhiteElo "1380"]
[WhiteRD "87"]
[BlackElo "1777"]
[BlackRD "71"]
[GameID "396127"]

1. d4 d5 2. c4 c6 3. Nf3 Nf6 4. Nc3 e6 5. e3 Nbd7 6. Bd3 dxc4 7. Bxc4 b5 8. Bd3 Bb7 9. O-O a6 10. e4 c5
11. Bg5 Qb6 12. Re1 cxd4 13. Ne2 e5 14. Bxf6 Qxf6 15. Rc1 Bd6 16. a3 O-O 17. Ng3 g6 18. Qd2 Nc5 19. b4 Nb3 20. Qh6 Nxc1
21. Rxc1 Rfc8 22. Rc2 Rxc2 23. Bxc2 Bf8 24. Qh3 Rc8 25. Ne1 Rc3 26. Bd3 Rxa3 27. Nf1 Bxe4 28. Qc8 Bxd3 29. Nxd3 Rxd3 30. Qc2 Rc3
31. Qe2 Bxb4
0-1

[Event "New England U2000 Knockout"]
[Site "SchemingMind.com"]
[Date "2016.03.01"]
[Round "-"]
[White "Greg Magne"]
[Black "surfnsuds"]
[Result "1-0"]
[WhiteCountry "CAN"]
[BlackCountry "USA"]
[WhiteElo "1777"]
[WhiteRD "71"]
[BlackElo "1380"]
[BlackRD "87"]
[GameID "396128"]

1. d4 d5 2. c4 dxc4 3. e4 f5 4. Bxc4 fxe4 5. Nc3 Bf5 6. Qb3 Nh6 7. Bxh6 gxh6 8. Bf7+ Kd7 9. Qd5+ Kc8 10. Qxf5+ Nd7
11. Qxe4 Nf6 12. Be6+ Kb8 13. d5 a6 14. Nge2 Nxe4 15. Nxe4 Bg7 16. N2c3 c6 17. O-O Bxc3 18. Nxc3 Kc7 19. Rfd1 c5 20. Rac1 b6
21. b4 Qd6 22. bxc5 bxc5 23. Ne4 Qf4 24. Nxc5 Kd6 25. Re1 Rhf8 26. Nb7#
1-0

[Event "New England U2000 Knockout"]
[Site "SchemingMind.com"]
[Date "2016.03.12"]
[Round "-"]
[White "Vermonty"]
[Black "Erik Johnson"]
[Result "1-0"]
[WhiteCountry "USA"]
[BlackCountry "USA"]
[WhiteElo "1986"]
[WhiteRD "74"]
[BlackElo "1590"]
[BlackRD "62"]
[GameID "396668"]

1. e4 d5 2. exd5 Qxd5 3. Nc3 Qa5 4. d4 c6 5. Nf3 Bg4 6. h3 Bh5 7. g4 Bg6 8. Ne5 e6 9. Bd3 Bxd3 10. Qxd3 g6
11. Bd2 Qd8 12. O-O-O f6 13. Nf3 c5 14. Be3 cxd4 15. Nxd4 e5 16. Qb5+ Qd7 17. Ne6 Qxb5 18. Nxb5 Na6 19. Nec7+ Nxc7 20. Nxc7+ Ke7
21. Nxa8 Nh6 22. Bxa7 Bg7 23. Bc5+ Ke6 24. Nc7+
1-0

[Event "New England U2000 Knockout"]
[Site "SchemingMind.com"]
[Date "2016.03.10"]
[Round "-"]
[White "Erik Johnson"]
[Black "Vermonty"]
[Result "0-1"]
[WhiteCountry "USA"]
[BlackCountry "USA"]
[WhiteElo "1609"]
[WhiteRD "69"]
[BlackElo "1981"]
[BlackRD "71"]
[GameID "396669"]

1. e4 c5 2. Nf3 Nc6 3. d4 cxd4 4. Nxd4 g6 5. Nc3 Bg7 6. Be3 Nf6 7. Bc4 Qa5 8. O-O O-O 9. f4 d6 10. Nb3 Qc7
11. Nb5 Qb8 12. Qd3 a6 13. Nc3 Ng4 14. Bb6 Be6 15. f5 Bxc4 16. Qxc4 d5 17. exd5 Qxh2#
0-1

[Event "New England U2000 Knockout"]
[Site "SchemingMind.com"]
[Date "2016.04.13"]
[Round "-"]
[White "David Carter"]
[Black "pengle"]
[Result "1-0"]
[WhiteCountry "USA"]
[BlackCountry "USA"]
[WhiteElo "2010"]
[WhiteRD "95"]
[BlackElo "1709"]
[BlackRD "87"]
[GameID "398059"]

1. d4 e6 2. c4 b6 3. e4 c6 4. Bd3 Bb7 5. Nf3 d5 6. Nc3 Bb4 7. O-O dxc4 8. Bxc4 Nd7 9. Bf4 Ngf6 10. Re1 O-O
11. a3 Be7 12. e5 Nd5 13. Nxd5 cxd5 14. Bd3 Re8 15. Rc1 a6 16. Rc3 Nf8 17. Qe2 Ng6 18. Bg3 b5 19. b4 Nf8 20. h4 h6
21. h5 Nh7 22. Bb1 Rc8 23. Qd3 Nf8 24. Rec1 Rxc3 25. Rxc3 Qd7 26. Qc2 Rc8 27. Rxc8 Bxc8 28. Bh4 Bxh4 29. Nxh4 Bb7 30. f4 Qc8
31. Qxc8 Bxc8 32. Bc2 Bd7 33. Nf3 Be8 34. Ne1 Nd7 35. Nd3 f6 36. g4 fxe5 37. fxe5 Nb6 38. Nc5 Nc4 39. Nxa6 Ne3 40. Bd3 Nxg4
41. Nc7 Bxh5 42. Bxb5 Ne3 43. Bd3 Bf7 44. a4 Nc4 45. Bxc4 dxc4 46. Kf2 c3 47. Ke3 g5 48. a5 c2 49. Kd2 Bg6 50. a6 Be4
51. b5 Kf7 52. b6
1-0

[Event "New England U2000 Knockout"]
[Site "SchemingMind.com"]
[Date "2016.04.13"]
[Round "-"]
[White "pengle"]
[Black "David Carter"]
[Result "0-1"]
[WhiteCountry "USA"]
[BlackCountry "USA"]
[WhiteElo "1696"]
[WhiteRD "83"]
[BlackElo "2004"]
[BlackRD "93"]
[GameID "398060"]

1. d4 d5 2. c4 c6 3. Nc3 Nf6 4. Bf4 dxc4 5. a4 Nd5 6. Bg3 Bf5 7. e3 Qa5 8. Rc1 b5 9. Qd2 Nxc3 10. axb5 cxb5
11. bxc3 e6 12. Be2 Na6 13. Bf3 O-O-O 14. e4 Bg6 15. Ne2 Nc5 16. O-O Nb3 17. Qf4 Bd6 18. e5 Nxc1 19. Rxc1 Bb8 20. Qd2 Qb6
21. Qb2 Rd7 22. Ra1 a5 23. Bf4 Rhd8 24. Be3 Qa6 25. Nf4 f6 26. exf6 gxf6 27. Re1 e5 28. Ne2 e4 29. Bg4 f5 30. Bh3 Rb7
31. Ng3 Bxg3 32. hxg3 h5 33. Bg5 Re8 34. f3 Kb8 35. Bd2 Qc6 36. Qa3 Qb6 37. fxe4 Rxe4 38. Rb1 b4 39. Qa4 Qb5 40. Qd1 b3
41. Bf4+ Ka8 42. Bc1 Rbe7 43. Qf3 Qb7 44. Kh2 Re1 45. Qxb7+ Kxb7 46. Ra1 Rd1 47. Bb2 Rxa1 48. Bxa1 Re2
0-1

[Event "New England U2000 Knockout"]
[Site "SchemingMind.com"]
[Date "2016.05.11"]
[Round "-"]
[White "opto"]
[Black "Greg Magne"]
[Result "0-1"]
[WhiteCountry "CAN"]
[BlackCountry "CAN"]
[WhiteElo "1902"]
[WhiteRD "95"]
[BlackElo "1746"]
[BlackRD "83"]
[GameID "399163"]

1. e4 e6 2. d4 d5 3. exd5 exd5 4. Nf3 Nf6 5. Bd3 Bg4 6. O-O Be7 7. Re1 O-O 8. Nc3 Nbd7 9. Bf4 c6 10. h3 Bh5
11. Re3 Re8 12. Qe2 Bf8 13. Re1 Qb6 14. Na4 Qb4 15. b3 b5 16. Nb2 Qa3 17. c3 Qxa2 18. b4 a5 19. Bb1 Qb3 20. g4 Bg6
21. Bxg6 hxg6 22. Nd1 axb4 23. cxb4 Qxb4 24. Be5 Ra3 25. g5 Rxe3 26. Nxe3 Ne4 27. Rc1 Nxe5 28. dxe5 d4 29. Ng4 Nc3 30. Qd3 c5
31. h4 Ra8 32. Nd2 Ra2 33. Re1 Qb2 34. Ne4 Nxe4 35. Qxe4 Qc3 36. e6 Qc4 37. e7 Bxe7 38. Qxe7 Ra8 39. Qb7 Rf8 40. Re7 d3
41. Ne5 d2 42. Nxc4 d1=Q+ 43. Kh2 bxc4 44. Re3 Qd2 45. Qf3 Rd8 46. Re2 Qd6+ 47. Kg1 Qd1+ 48. Kh2 Qd3 49. Re3 Qd5 50. Qe2 Qd1
51. Qxc4 Qd4 52. Qxd4 cxd4 53. Rd3 f5 54. gxf6 gxf6 55. Kg3 Kf7 56. Kf4 Ke6 57. Rd1 Kd5 58. Rg1 Rg8 59. Kf3 g5 60. Rg3 Kc4
61. Ke2 Re8+ 62. Kd2 gxh4 63. Rg6 Rh8 64. Rxf6 h3 65. Rc6+ Kd5 66. Rc1 h2 67. Rh1 Ke4 68. Ke2 d3+ 69. Kd2 Kf3 70. Kxd3 Kxf2
0-1

[Event "New England U2000 Knockout"]
[Site "SchemingMind.com"]
[Date "2016.05.11"]
[Round "-"]
[White "Greg Magne"]
[Black "opto"]
[Result "0-1"]
[WhiteCountry "CAN"]
[BlackCountry "CAN"]
[WhiteElo "1727"]
[WhiteRD "81"]
[BlackElo "1917"]
[BlackRD "92"]
[GameID "399164"]

1. e4 c5 2. Nf3 Nc6 3. d4 cxd4 4. Nxd4 e5 5. Nb5 d6 6. c4 Nf6 7. N1c3 a6 8. Na3 Be7 9. Nc2 Be6 10. Ne3 Nd4
11. Ned5 O-O 12. f3 Rc8 13. Be3 Nc6 14. Be2 Nxd5 15. cxd5 Bxd5 16. Nxd5 f5 17. O-O f4 18. Bf2 Re8 19. Rc1 Bf8 20. a3 Kh8
21. Qe1 Re6 22. h4 g5 23. Bb6 Qd7 24. hxg5 Rg6 25. Qh4 Qg7 26. Kf2 Rxg5 27. Qh3 Re8 28. Rh1 Re6 29. Qxe6 Rxg2+ 30. Ke1 Rg6
31. Qh3 Qf7 32. Kd2 Rg3 33. Qh2 Ne7 34. Rc7 Rg7 35. Rxb7 Qe8 36. Nxe7 Bxe7 37. Bxa6 d5 38. Bc5 dxe4 39. Bxe7 e3+ 40. Ke1 Qc8
41. Bf6 Qc1+ 42. Ke2 Qd2+ 43. Kf1 Qd1#
0-1

[Event "New England U2000 Knockout"]
[Site "SchemingMind.com"]
[Date "2016.06.26"]
[Round "-"]
[White "Vermonty"]
[Black "David Carter"]
[Result "1/2-1/2"]
[WhiteCountry "USA"]
[BlackCountry "USA"]
[WhiteElo "2017"]
[WhiteRD "77"]
[BlackElo "2001"]
[BlackRD "100"]
[GameID "400688"]

1. e4 e5 2. Nc3 Nf6 3. Nf3 Nc6 4. d4 exd4 5. Nd5 Be7 6. Bd3 d6 7. O-O Bg4 8. h3 Bxf3 9. Qxf3 Ne5 10. Nxf6+ Bxf6
11. Qe2 Nxd3 12. Qxd3 O-O 13. Bd2 d5 14. Rfe1 dxe4 15. Rxe4 Re8 16. Rae1 Qd7 17. Qf3 Rxe4 18. Rxe4 c5 19. g4 Be7 20. Kg2 Rd8
21. g5 Bf8 22. b3 Qc6 23. a4 b6 24. Rf4 Qxf3+ 25. Kxf3 Bd6 26. Re4 Kf8 27. Rh4 Kg8 28. Re4 f5 29. gxf6 gxf6 30. Rg4+ Kf7
31. Rh4 Rh8 32. Ke4= Ke6 33. Rh6 Bf8 34. Rh5 h6 35. f4 Rg8 36. f5+ Kd7 37. Rh4 Rh8 38. Rg4 Rh7=
1/2-1/2

[Event "New England U2000 Knockout"]
[Site "SchemingMind.com"]
[Date "2016.06.26"]
[Round "-"]
[White "David Carter"]
[Black "Vermonty"]
[Result "1-0"]
[WhiteCountry "USA"]
[BlackCountry "USA"]
[WhiteElo "2001"]
[WhiteRD "100"]
[BlackElo "2017"]
[BlackRD "77"]
[GameID "400689"]

1. d4 Nf6 2. c4 e6 3. Nc3 Bb4 4. e3 b6 5. f3 Bxc3+ 6. bxc3 c5 7. Bd3 d6 8. Ne2 Nc6 9. O-O O-O 10. e4 e5
11. d5 Na5 12. Ng3 Ba6 13. Qe2 Qd7 14. Nf5 Ne8 15. f4 f6 16. Qg4 Kh8 17. fxe5 dxe5 18. Qe2 Nb7 19. Bd2 Ned6 20. Ne3 Na5=
21. Rf3 Rae8 22. Rh3 Qf7 23. Rf1 Bc8 24. g4 g6 25. Rhf3 Qg7 26. Rg3 g5 27. Rgf3 Rf7 28. Qf2 Ref8 29. h4 Ba6 30. hxg5 fxg5
31. Rxf7 Rxf7 32. Qe2 h6 33. Nf5 Nxf5 34. exf5 Nb7 35. Be1 Qf6 36. Bg3 Re7 37. Re1 e4 38. Bxe4 Qxc3 39. Qf2 Qf6 40. d6 Nxd6
41. Bd5 Ne8 42. Be6 Qf8 43. Be5+ Nf6 44. Bd6 Bb7 45. Bxe7 Qxe7 46. Bd5 Qc7 47. Bxb7 Qxb7 48. Qb2
1-0

[Event "New England U2000 Knockout"]
[Site "SchemingMind.com"]
[Date "2016.10.31"]
[Round "-"]
[White "Greg Magne"]
[Black "David Carter"]
[Result "0-1"]
[WhiteCountry "CAN"]
[BlackCountry "USA"]
[WhiteElo "1727"]
[WhiteRD "77"]
[BlackElo "2029"]
[BlackRD "96"]
[GameID "405701"]

1. e4 e5 2. Nf3 Nc6 3. Bb5 Nd4 4. Nxd4 exd4 5. d3 Bc5 6. O-O c6 7. Ba4 d6 8. f4 f5 9. Qf3 Ne7 10. Kh1 a5
11. c3 Be6 12. cxd4 Bxd4 13. Nc3 O-O 14. Be3 Qb6 15. Bxd4 Qxd4 16. Rae1 Rae8 17. Bc2 Ng6 18. g3 fxe4 19. dxe4 Ne5 20. Qg2 Nc4
21. f5 Bf7 22. Bb1 Qc5 23. g4 Ne3 24. Qh3 Nxf1 25. Rxf1 d5 26. exd5 Bxd5+ 27. Nxd5 Qxd5+ 28. Kg1 Qd4+ 29. Kh1 Qe3 30. Qh5 Qh6
31. Qxh6 gxh6 32. b3 Kg7 33. Kg2 Re2+ 34. Kg3 Kf6 35. h4 Rd8 36. Kf3 Rdd2 37. a3 Rh2 38. h5 Rh3+ 39. Kf4 Rxb3 40. Re1 Rd4+
41. Be4 Rxa3
0-1

[Event "New England U2000 Knockout"]
[Site "SchemingMind.com"]
[Date "2016.10.29"]
[Round "-"]
[White "David Carter"]
[Black "Greg Magne"]
[Result "1-0"]
[WhiteCountry "USA"]
[BlackCountry "CAN"]
[WhiteElo "2038"]
[WhiteRD "99"]
[BlackElo "1778"]
[BlackRD "83"]
[GameID "405702"]

1. d4 d5 2. Nf3 Nf6 3. e3 c5 4. b3 Nc6 5. Bb2 Bg4 6. Nbd2 Qc7 7. a3 e6 8. Bd3 Bd6 9. c4 cxd4 10. exd4 O-O
11. O-O Rac8 12. h3 Bh5 13. c5 Be7 14. b4 a6 15. Qe2 Bg6 16. Bxg6 hxg6 17. Bc3 Nh5 18. g3 Rfe8 19. a4 Bf6 20. b5 Ne7
21. Rfc1 Nxg3 22. fxg3 Qxg3+ 23. Qg2 Qc7 24. Qh2 Qd8 25. Qd6 Nf5 26. Qxd8 Rexd8 27. Nb3 Kf8 28. Ba5 Rd7 29. c6 bxc6 30. bxc6 Rdd8
31. Bxd8 Rxd8 32. c7 Rc8 33. Rc6
1-0